00661cam a2200181 a 450000100100000000500170001000800410002704000250006808200170009310000190011024501060012926000310023530000210026653400640028765000490035165000490040070000300044900000279720200929150245.0770816s1960 mx 000 0 spa  aDO-SdBNPbspacBNPHU a810.9bH848l1 aHoward, León13aLa literatura y la tradición norteamericana /cLeón Howard ; traducción de Luis Tapia Villalba. aMéxico :bNovaro,c1960. a354 p. ;c22 cm. aTítulo en inglés: Literature and the american tradition 4aLiteratura américanaxHistoria y crítica 4aEstados unidosxCaracterísticas nacionales1 aTapia Villalba, Luisetr.